000
00248nam a2200109Ia 4500
008
190216s9999||||xx |||||||||||||| ||und||
100
_a
Purushothaman Pillai P G
245
0
_a
Hippolists
260
_b
Nbs Kottayam
650
_a
Nadakam
942
_c
BK
999
_c
30396
_d
30396